000 01242nam a2200301 c 4500
003 BLK
005 20230119112724.0
008 180409b bul|||||r ||||||| ||bul||
010 _aKNG00130944000
040 _aBLK
041 _aBUL
_cBUL
080 _aБългарска литература
_b821.163.2
_x-31
_z821.163.2-31
100 1 _aБолгар, Боян
_eпърви автор
_gХристов, Боян Димитров
_9318803
700 1 _aХристов, Боян Димитров
_e*
_9318804
139 _aБолгар, Боян
_bБ 61
245 1 0 _aСедемнайсетгодишните
_bРоман
_cБоян Болгар; * Боян Димитров Христов.
250 _a2. изд.
257 _aBGR
260 София
_bБълг. писател
_c1987
300 _a264 с.
_c21 см
380 _aX
500 _aИстинското име на авт. е Боян Димитров Христов. - 1. изд. 1956 ; В кн. означено 3. изд. - 110 109 тир.
852 _aЦб 146199
856 4 _qpdf
_u
856 4 _qpdf
_u
942 _cKNG
_n0
_04
944 _aCR
_c30.05.2012
_l30.05.2012 - от С1,Р / 30.05.2012
_kИрена_Русанова
944 _aED
_c30.05.2012
_l30.05.2012 - от С1,Р / 30.05.2012
_k
999 _c125275
_d125275